Municipios de Antioquia - Map Quiz - Estadísticas

Estadísticas generales
  • Esta prueba ha sido intentada 7.344 veces
  • La puntuación promedio es 66 de 125
Respuestas en el mapa
Las respuestas están codificadas por una escala verde-roja en el mapa de la prueba según el % correcto abajo.
 
Estadísticas de respuestas
Respuesta % Correcto
MEDELLIN
92%
BELLO
89%
ITAGUI
88%
ENVIGADO
87%
RIONEGRO
83%
CALDAS
81%
SABANETA
80%
LA ESTRELLA
78%
COPACABANA
77%
SANTAFE DE ANTIOQUIA
77%
TURBO
76%
NECOCLI
75%
JARDIN
73%
SAN PEDRO
73%
BARBOSA
72%
CAUCASIA
72%
URRAO
71%
GIRARDOTA
70%
GUATAPE
70%
LA CEJA
69%
PUERTO BERRIO
69%
SANTA ROSA DE OSOS
69%
MARINILLA
68%
GUARNE
67%
APARTADO
66%
SONSON
66%
ARBOLETES
65%
SAN JERONIMO
65%
ANDES
64%
ITUANGO
64%
YARUMAL
64%
JERICO
61%
AMAGA
60%
LA PINTADA
60%
PUERTO TRIUNFO
60%
CHIGORODO
59%
PEÑOL
59%
YOLOMBO
59%
CISNEROS
58%
SOPETRAN
58%
COCORNA
57%
EL BAGRE
57%
MUTATA
57%
ABEJORRAL
56%
DON MATIAS
56%
LA UNION
56%
SAN CARLOS
56%
SAN JUAN DE URABA
56%
SAN LUIS
56%
SEGOVIA
56%
EL CARMEN DE VIBORAL
55%
RETIRO
55%
SAN RAFAEL
55%
AMALFI
54%
DABEIBA
54%
CAREPA
53%
FREDONIA
53%
PUERTO NARE
53%
REMEDIOS
53%
ZARAGOZA
53%
EL SANTUARIO
52%
TARAZA
51%
VENECIA
51%
BETULIA
50%
CAÑASGORDAS
50%
CIUDAD BOLIVAR
50%
NECHI
50%
YONDO
50%
VALDIVIA
49%
VEGACHI
49%
CAROLINA
48%
ENTRERRIOS
48%
NARIÑO
48%
SAN PEDRO DE URABA
48%
SAN ROQUE
48%
TITIRIBI
48%
SANTA BARBARA
47%
CACERES
46%
YALI
46%
ALEJANDRIA
44%
ANORI
44%
CARAMANTA
44%
CONCEPCION
44%
HISPANIA
44%
MACEO
44%
SAN VICENTE
44%
ARGELIA
43%
BETANIA
43%
FRONTINO
43%
TAMESIS
43%
VIGIA DEL FUERTE
43%
ANGELOPOLIS
42%
ANZA
42%
EBEJICO
42%
SAN FRANCISCO
42%
SANTO DOMINGO
42%
GOMEZ PLATA
41%
PEQUE
41%
CARACOLI
40%
GRANADA
40%
MURINDO
40%
ABRIAQUI
39%
ARMENIA
39%
BELMIRA
39%
HELICONIA
39%
URAMITA
39%
VALPARAISO
39%
SALGAR
38%
SAN JOSE DE LA MONTAÑA
38%
TARSO
38%
CAMPAMENTO
37%
CONCORDIA
37%
LIBORINA
37%
SABANALARGA
37%
SAN ANDRES
37%
ANGOSTURA
36%
BRICEÑO
35%
GIRALDO
35%
CAICEDO
34%
PUEBLORRICO
34%
BURITICA
33%
GUADALUPE
33%
OLAYA
33%
MONTEBELLO
32%
TOLEDO
30%
No se encontraron pruebas coincidentes
Distribución de puntuación
Porcentaje de gente con cada puntuación
Porcentaje por número respondido
Historial de tus puntuaciones
No has intentado esta prueba.